Introduction to telecommunications
Bewaard in:
| Hoofdauteur: | |
|---|---|
| Formaat: | Boek |
| Taal: | Engels |
| Gepubliceerd in: |
Nueva York
Thomson
2005
|
| Editie: | 2a. ed |
| Onderwerpen: | |
| Tags: |
Voeg label toe
Geen labels, Wees de eerste die dit record labelt!
|
MARC
| LEADER | 00000cam a2200000 a 4500 | ||
|---|---|---|---|
| 001 | UCF0263 | ||
| 003 | CL-VaPUC | ||
| 008 | 120510e20050000US |||||||||||||||||eng|d | ||
| 020 | |a 9781401856489 | ||
| 082 | 0 | 4 | |a 621.382 |b GOK |2 21 |
| 100 | 0 | |a Gokhale, Anu A |e author |9 562136 | |
| 245 | 1 | 0 | |a Introduction to telecommunications |
| 250 | |a 2a. ed | ||
| 300 | |a 455 p | ||
| 942 | |c BK | ||
| 945 | |d 20120510 00:00:00 |a cmena | ||
| 260 | |a Nueva York |b Thomson |c 2005 | ||
| 650 | 0 | |a Telecomunicaciones |9 257195 | |
| 650 | 7 | |a MEDIOS DE TRANSMISION |2 CL-VaPUC |9 562137 | |
| 650 | 7 | |a REDES DE COMUNICACION |2 CL-VaPUC |9 373526 | |
| 650 | 7 | |a GESTION DE REDES |2 CL-VaPUC |9 462971 | |
| 583 | |a last modification |c 20120928 04:58:21 |k Rodrigo Vera | ||
| 999 | |c 347700 |d 347698 | ||
| 952 | |0 0 |1 0 |4 0 |6 621_382000000000000_GOK_2005 |7 0 |8 A |9 449213 |a BIBING |b BIBING |d 2019-11-22 |i 4868781 |o 621.382 GOK 2005 |p 4868781 |r 2025-01-20 |w 2019-11-22 |y BK |k EIE | ||